RICS Red Book - UK National Supplement Consultation 2022 (Record no. 121472)

MARC details
000 -LEADER
fixed length control field 01131nam a22002177a 4500
008 - FIXED-LENGTH DATA ELEMENTS--GENERAL INFORMATION
fixed length control field 230425s2022 xxk|||||o|||| 00| 0 eng d
041 ## - LANGUAGE CODE
Language code of text/sound track or separate title eng
110 ## - MAIN ENTRY--CORPORATE NAME
Corporate author Royal Institution of Chartered Surveyors
245 ## - TITLE STATEMENT
Title RICS Red Book - UK National Supplement Consultation 2022
Medium [Electronic resource]
260 ## - PUBLICATION INFORMATION
Place of publication London,
Publisher Royal Institution of Chartered Surveyors,
Date 2022
300 ## - PHYSICAL DESCRIPTION
Physical description 113p.
490 ## - SERIES TITLE
Series statement RICS Red Book
490 ## - SERIES TITLE
Series statement RICS Consultations
520 ## - ABSTRACT
Abstract RICS is seeking views on updates to the UK National Supplement to the Global Red Book. This update will have two main purposes: <br/>Regulated purpose valuations (UK VPS 3) updates in light of the Review of Real Estate Investment Valuation.<br/>Other updates relating to financial reporting, public sector valuations and residential valuations.
520 ## - ABSTRACT
Abstract Consultation opened 2nd November 2022 and closed Friday 30th December 2022
651 ## - SUBJECT ADDED ENTRY--GEOGRAPHIC NAME
Geographic name United Kingdom
690 ## - BROAD SUBJECT
9 (RLIN) 6273
Broad subject Valuation
710 ## - ADDED CORPORATE NAME
Added corporate author Royal Institution of Chartered Surveyors
856 ## - ONLINE RESOURCE
Uniform Resource Identifier <a href="https://consultations.rics.org/redbookuk/consultationHome">https://consultations.rics.org/redbookuk/consultationHome</a>
Public note Available on RICS iConsult
942 ## - ADDED ENTRY ELEMENTS (KOHA)
Suppress in OPAC Do not suppress in OPAC
Holdings
Lost status Source of classification or shelving scheme Damaged status Not for loan Current library Shelving location Date acquired Total Checkouts Full call number Date last seen Price effective from Koha item type
  Dewey Decimal Classification     Virtual Online 25/04/2023   RICS iConsult 25/04/2023 25/04/2023 Online material